00645nam a2200205Ia 4500008004100000020001800041050001400059100002100073245001900094245008400113260001400197260002900211260000900240300001500249300002200264300001000286440002100296999001900317952010300336180207s9999 xx 000 0 und d a9780746077221 bC877 2006 aCox, Phil Roxbee aFox on a box / cby Phil Roxbee Cox ; illustrated by Stephen Cartwright ; edited by Jenny Tyler. aEngland : bUsborne Publishing Ltd., c2006 a16 pages : bchiefly colored ; c21cm. aPhonics Readers. c355614d355614 001040aSSISMbSSISMd2018-02-07l0oER C877 2006pSSISM5159r2018-02-07 00:00:00w2018-02-07yBK